Irish Journal of American Studies
محفوظ في:
التنسيق: دورية
اللغة: Undetermined
منشور في:
JSTOR
Irish Association for American Studies
الموضوعات:
الوصول للمادة أونلاين: Login to view Source
الوسوم: إضافة وسم
لا توجد وسوم, كن أول من يضع وسما على هذه التسجيلة!
رقم الطلب:
| LEADER | 00596nas a2200193Ia 4500 | ||
|---|---|---|---|
| 008 | 220214c99999999xx |||||||||||| ||und|| | ||
| 022 | |a 1351-3818 | ||
| 245 | 0 | 0 | |a Irish Journal of American Studies |
| 264 | 1 | |b JSTOR | |
| 264 | 1 | |b Irish Association for American Studies | |
| 362 | 0 | |a Vol. 1(1992)-13/14 (2004) | |
| 653 | 1 | 0 | |a Area Studies |
| 653 | 1 | 0 | |a History |
| 653 | 1 | 0 | |a Humanities |
| 653 | 1 | 0 | |a Language & Literature |
| 856 | 4 | 0 | |u https://www.jstor.org/journal/irisjamerstud |
| 942 | |c JL | ||
| 952 | |0 0 |1 0 |4 0 |7 1 |9 35397 |a JSR |b JSR |d 2022-02-14 |l 0 |r 2022-02-14 00:00:00 |w 2022-02-14 |y JL | ||
| 999 | |c 43730 |d 43730 | ||
